000 00682nam a2200229Ia 4500
003 OSt
005 20220927105701.0
006 a|||||r|||| 00| 0
007 ta
008 220926b |||||||| |||| 00| 0 eng d
024 _a200500
037 _cReference Collections
040 _aRTL
_cRTL
_beng
041 _2eng
_aeng
082 _a"X:77.20r73.N6, K2;1"
100 _aLewis John p
245 0 _aQuiet crisis in india economic development and american policy
260 _aunited
_bstates of america the george banta
_c1962
300 _axii 350p
_ccm.
942 _h"X:77.20r73.N6, K2;1"
_cCC
999 _c693889
_d693889